Non-performing assets (NPAS): An analysis of SARFAESI act. (Record no. 520176)

000 -LEADER
fixed length control field 01499nam a22001577a 4500
008 - FIXED-LENGTH DATA ELEMENTS--GENERAL INFORMATION
fixed length control field 220719b ||||| |||| 00| 0 eng d
100 ## - MAIN ENTRY--PERSONAL NAME
Personal name Rasool, Romisa
245 ## - TITLE STATEMENT
Title Non-performing assets (NPAS): An analysis of SARFAESI act.
260 ## - PUBLICATION, DISTRIBUTION, ETC. (IMPRINT)
Place of publication, distribution, etc Kashmir Journal of Legal Studies
300 ## - PHYSICAL DESCRIPTION
Extent 9(1), 2022: p.169-194
520 ## - SUMMARY, ETC.
Summary, etc The banks and financial institutions are backbone of the economy. The growing figures of non-performing assets (NPA’s) have adversely affected the functioning of the banks. The problem of illiquidity and concentration of risk caused due to NPA’s called for special measures. In order to address the issue, Parliament of India came up with special legislations. Securitisation and Reconstruction of Financial Assets Act, 2002 (SARFAESI) is one such promising legislation which aimed to deal with the issue of NPA’S. The SARFAESI Act conferpower in the banks and financial institution to recover the bad debts without taking recourse to judicial machinery. The paper aims to trace out the legislative measures enacted from time to time to curb NPA’S. The critical analysis of the important provisions of the SARFAESI Act is carried out with a view to highlight the loopholes in the legislation. The working and efficacy of the legislation is also discussed. – Reproduced

650 ## - SUBJECT ADDED ENTRY--TOPICAL TERM
Topical term or geographic name as entry element SARFAESI act, NPA, Securitisation, Security interest.
9 (RLIN) 32144
773 ## - HOST ITEM ENTRY
Main entry heading Kashmir Journal of Legal Studies
906 ## - LOCAL DATA ELEMENT F, LDF (RLIN)
Subject DIP FINANCIAL INSTITUTIONS
942 ## - ADDED ENTRY ELEMENTS (KOHA)
Item type Articles
Holdings
Withdrawn status Lost status Source of classification or shelving scheme Damaged status Not for loan Permanent location Current location Date acquired Serial Enumeration / chronology Barcode Date last seen Koha item type
          Indian Institute of Public Administration Indian Institute of Public Administration 2022-07-19 9(1), 2022: p.169-194 AR126831 2022-07-19 Articles

Powered by Koha